000 00806nam a2200241Ia 4500
003 OSt
005 20260107102502.0
008 220923b |||||||| |||| 00| 0 eng d
020 _a9780754678526
037 _cGeneral Book
040 _aRTL
_cRTL
_beng
041 _2eng
_aeng
084 _aY:3(S56), P7
_qRTL
245 0 _aGeographies of sexualities: theory, practices and politics
260 _aSurrey
_bAshgate
_c2007
300 _axi, 264 p.
_bIncludes bibliographical references and index.
650 _aSociology
_9862371
700 _aBrowne Kath
_eEditor
_9862372
700 _aLim Jason
_eEditor
_9862373
700 _aBrown Gavin
_eEditor
_9862374
942 _hY:3(S56), P7
_cGB
_2CC
_n0
999 _c654173
_d654173